[Event "GER Cup 1617 final"]
[Site "Niederhausen"]
[Date "2017.06.15"]
[Round "1.9"]
[White "Graetsch, Andreas"]
[Black "Schulz, Gert"]
[Result "1/2-1/2"]
[WhiteElo "1836"]
[BlackElo "2000"]
[PlyCount "71"]
[EventDate "2017.06.15"]
[EventType "swiss"]
[EventRounds "5"]
[EventCountry "GER"]
[SourceTitle "EXT 2019"]
[Source "ChessBase"]
[SourceDate "2018.10.10"]
[SourceVersion "1"]
[SourceVersionDate "2018.10.10"]
[SourceQuality "1"]

1. d4 Nf6 2. c4 e6 3. Nc3 Bb4 4. Qc2 c5 5. a3 Bxc3+ 6. Qxc3 cxd4 7. Qxd4 Nc6 8. Qd3 d5 9. cxd5 Qxd5 10. e3 0-0 11. Qxd5 Nxd5 12. Nf3 Bd7 13. Bd2 e5 14. Bc4 Nb6 15. Bb3 Rfe8 16. Ng5 Re7 17. Ne4 Be6 18. Bxe6 Rxe6 19. Nc5 Re7 20. Rc1 Rc8 21. 0-0 Rec7 22. Bc3 Nd8 23. Ne4 Nd5 24. Rfd1 Nxc3 25. Rxc3 Rxc3 26. Nxc3 Kf8 27. Kf1 Ke7 28. Ke2 Nc6 29. f3 Ke6 30. Rd2 Na5 31. Rc2 Nb3 32. Kd1 Rd8+ 33. Ke2 Rc8 34. Kd1 Rd8+ 35. Ke2 Rc8 36. Kd1 1/2-1/2

[Event "Daehne-Cup Niedersachsen"]
[Site "Lehrte"]
[Date "2016.09.11"]
[Round "2"]
[White "Graetsch, Andreas"]
[Black "Koch, Yannick"]
[Result "1/2-1/2"]
[WhiteElo "1799"]
[BlackElo "1935"]
[PlyCount "40"]
[EventDate "2016.09.10"]
[EventType "k.o."]
[EventRounds "3"]
[EventCountry "GER"]
[SourceTitle "EXT 2020"]
[Source "ChessBase"]
[SourceDate "2019.10.17"]
[SourceVersion "1"]
[SourceVersionDate "2019.10.17"]
[SourceQuality "1"]

1. d4 e6 2. c4 Nf6 3. Nc3 Bb4 4. Qc2 0-0 5. Bg5 h6 6. Bh4 d5 7. e3 c6 8. cxd5 cxd5 9. Bd3 b6 10. Nge2 Nbd7 11. 0-0 Bb7 12. a3 Be7 13. Rac1 Rc8 14. Qb3 a6 15. Nb1 b5 16. Rxc8 Bxc8 17. a4 b4 18. Rc1 Qa5 19. Qd1 Bb7 20. Nd2 Bd6 1/2-1/2

[Event "Lueneburg distr-ch Meisterturnier"]
[Site "Buchholz in der Nordheide"]
[Date "2007.10.31"]
[Round "7"]
[White "Graetsch, Andreas"]
[Black "Wickert, Detlef"]
[Result "1/2-1/2"]
[WhiteElo "1909"]
[BlackElo "2000"]
[PlyCount "21"]
[EventDate "2007.10.27"]
[EventType "tourn"]
[EventRounds "9"]
[EventCountry "GER"]
[SourceTitle "EXT 2015"]
[Source "ChessBase"]
[SourceDate "2014.11.20"]
[SourceVersion "1"]
[SourceVersionDate "2014.11.20"]
[SourceQuality "1"]

1. d4 d5 2. c4 e6 3. Nc3 Nf6 4. Bg5 Be7 5. e3 0-0 6. Qc2 h6 7. Bh4 c6 8. Bd3 Nbd7 9. Nf3 dxc4 10. Bxc4 Nd5 11. Bxe7 1/2-1/2